000 00675nam a2200229Ia 4500
003 OSt
005 20221006142120.0
006 a|||||r|||| 00| 0
007 ta
008 221006b |||||||| |||| 00| 0 eng d
024 _a5,335
037 _cTextual
040 _aEASL
_cEASL
_beng
041 _2eng
_aeng
082 _aV42,3.N90, N2
100 _aRAMSDELL Daniel B
_9646915
245 0 _aJapanese Diet
_b Stability and change in the Japanese House of Representative 1890-1990
260 _aLanham
_bUniversity Press of America
_c1992
300 _a248p.
_ccm.
942 _hV42,3.N90, N2
_cTEXL
_2CC
999 _c1073421
_d1073421